Countries starting with S - Statistics

General Stats
  • This quiz has been taken 619 times
  • The average score is 21 of 27
Answer Stats
Answer % Correct
Sweden
93%
Sudan
89%
Switzerland
88%
South Korea
87%
South Africa
86%
South Sudan
86%
Somalia
82%
Slovakia
81%
Slovenia
80%
Spain
80%
Serbia
79%
Suriname
79%
Syria
77%
Saint Lucia
76%
Senegal
76%
Seychelles
74%
Singapore
73%
San Marino
72%
Swaziland
72%
Saint Vincent and the Grenadines
71%
Samoa
71%
Saint Kitts and Nevis
70%
Saudi Arabia
70%
Sri Lanka
70%
Sao Tome and Principe
65%
Sierra Leone
64%
Solomon Islands
62%
No matching quizzes found
Score Distribution
Percent of People with Each Score
Percentile by Number Answered
Your Score History
You have not taken this quiz